000 00606nam a2200205 i 4500
001 bg
100 1 _aCzubiński, Antoni
_d(1928- ).
245 1 0 _aEuropa dwudziestego wieku :
_bzarys historii politycznej /
_cAntoni Czubiński.
260 _aPoznań :
_bWydawnictwo Poznańskie,
_c1997.
300 _a453, [1] s. :
_bmapy ;
_c21 cm.
504 _aBibliogr. s. 429-437. - Indeks.
651 9 _aEuropa
_xpolityka
_y20 w.
020 _a8386138424
040 _cBPK
041 0 _apl
080 _a94(4):323:327]"19"
920 _a83-86138-42-4
942 _cKS
008 s pl f |000 0 pol
999 _c35952
_d35952
856 _uhttp://koha.tu.koszalin.pl/cgi-bin/koha/opac-detail.pl?biblionumber=35952
_yKatalog online BPK